New Normal; (Record no. 201698)

MARC details
000 -LEADER
fixed length control field 00640nam a22002177a 4500
003 - CONTROL NUMBER IDENTIFIER
control field dpl
005 - DATE AND TIME OF LATEST TRANSACTION
control field 20240321121013.0
008 - FIXED-LENGTH DATA ELEMENTS--GENERAL INFORMATION
fixed length control field 240305b |||||||| |||| 00| 0 eng d
010 ## - LIBRARY OF CONGRESS CONTROL NUMBER
LC control number ENG-139807
020 ## - INTERNATIONAL STANDARD BOOK NUMBER
International Standard Book Number 9789393734204
Terms of availability 350.00
035 ## - SYSTEM CONTROL NUMBER
System control number EN-123339
037 ## - SOURCE OF ACQUISITION
Source of stock number/acquisition DBAD/PUB
040 ## - CATALOGING SOURCE
Transcribing agency .
082 ## - DEWEY DECIMAL CLASSIFICATION NUMBER
Classification number 881
245 ## - TITLE STATEMENT
Title New Normal;
Remainder of title Selected Poems From The Pandemic/
Statement of responsibility, etc Edited By Joie Bose
260 ## - PUBLICATION, DISTRIBUTION, ETC. (IMPRINT)
Place of publication, distribution, etc Belgharia
Name of publisher, distributor, etc Exceller Books
270 ## - ADDRESS
Address G1 Dream Apartment , Degree College Road
City Kolkata
Postal code 700056
300 ## - PHYSICAL DESCRIPTION
Extent 111Pg;
Dimensions 22cm(pbk)
710 ## - ADDED ENTRY--CORPORATE NAME
Corporate name or jurisdiction name as entry element Joie Bose
Relator term Editor
9 (RLIN) 63763
942 ## - ADDED ENTRY ELEMENTS (KOHA)
Source of classification or shelving scheme Dewey Decimal Classification
Koha item type English Books
Classification part 881
Call number suffix NEW

No items available.


© Delhi Public Library
Hit Counter
free hit counter